Isaac's NBA quiz - Statistics

General Stats
  • This quiz has been taken 8 times
  • The average score is 11 of 16
Answer Stats
Hint Answer % Correct
What does the letters N-B-A stand for? National Basketball Association
88%
What NBA player has the most triple doubles in history? Russell Westbrook
88%
Who holds the record for the most 3's in a single season? Stephen Curry
88%
What's the only team not in the U.S? Toronto Raptors
88%
What NBA player has the most rebounds in history? Wilt Chamberlain
88%
How many scoring titles did Michael Jordan win? 10
75%
What championship team was nicknamed "the bad boys"? Detroit Pistons
75%
What NBA player has the nickname "The Glove" Gary Payton
75%
Who has made the most all-star teams in NBA history? Lebron James
75%
Which NBA team set the record for most consecutive wins in the regular season? Golden State Warriors
63%
Who has made the most 3's in a single NBA game? Klay Thompson
63%
How long is an NBA game? 48 minutes
50%
Who is the NBA's current commissioner? Adam Silver
50%
Who is the shortest player to win a scoring title? Allen Iverson
50%
Who is the shortest player to ever win a dunk contest? Spud Webb
50%
What important rule was introduced into the NBA in 1954? 24 second shot clock
13%
No matching quizzes found
Score Distribution
Percent of People with Each Score
Percentile by Number Answered
Your Score History
You have not taken this quiz